| 000 | 01174cpcaa2200313 a 4500 | ||
|---|---|---|---|
| 001 | mm 79019000 | ||
| 003 | DLC | ||
| 005 | 20260227111655.0 | ||
| 008 | 790726|||||||||||| eng | ||
| 010 |
_amm 79019000 _bms 63000341 |
||
| 040 |
_aDLC _cDLC _edacs _dDLC |
||
| 072 | 7 |
_aW _2lcmd |
|
| 100 | 1 |
_aDraper, William F. _q(William Franklin), _d1842-1910. |
|
| 245 | 0 | 0 |
_aWilliam F. Draper papers, _f1861-1910 _g(bulk 1862-1863). |
| 300 |
_a120 _fitems. |
||
| 300 |
_a1 _fcontainer. |
||
| 506 | 0 | _aOpen to research. | |
| 520 | 8 | _aLetters written by Draper to his family primarily while serving as a soldier in the Civil War. | |
| 545 | 0 | _aSoldier, businessman, inventor, diplomat, and statesman. | |
| 546 | _aCollection material in English. | ||
| 651 | 0 |
_aUnited States _xHistory _yCivil War, 1861-1865. |
|
| 656 | 7 |
_aBusinessmen. _2itoamc |
|
| 656 | 7 |
_aDiplomats. _2itoamc |
|
| 656 | 7 |
_aInventors. _2itoamc |
|
| 656 | 7 |
_aSoldiers. _2itoamc |
|
| 656 | 7 |
_aStatesmen. _2itoamc |
|
| 999 |
_c42192 _d42192 |
||